Overwatch Ultimates Quiz - Statistics

General Stats
  • This quiz has been taken 210 times
    51 since last reset
  • The average score is 29 of 50
Answer Stats
Hero Ultimate % Correct
Ashe B.O.B.
100%
Ana Nano Boost
94%
Genji Dragonblade
83%
Lifeweaver Tree of Life
83%
Cassidy Deadeye
81%
Doomfist Meteor Strike
81%
Reaper Death Blossom
78%
Reinhardt Earthshatter
78%
Torbjörn Molten Core
78%
D.Va Self-Destruct
78%
Junkrat RIP-Tire
75%
Mercy Valkyrie
75%
Brigitte Rally
72%
Sombra EMP
69%
Kiriko Kitsune Rush
67%
Tracer Pulse Bomb
67%
Mei Blizzard
64%
Roadhog Whole Hog
64%
Pharah Barrage
61%
Mauga Cage Fight
61%
Moira Coalescence
61%
Hanzo Dragonstrike
61%
Junker Queen Rampage
61%
Soldier: 76 Tactical Visor
61%
Baptiste Amplification Matrix
58%
Echo Duplicate
58%
Illari Captive Sun
56%
Wrecking Ball Minefield
56%
Lúcio Sound Barrier
56%
Freja Bola Shot
53%
Sojourn Overclock
53%
Ramattra Annihilation
50%
Bastion Configuration: Artillery
50%
Orisa Terra Surge
50%
Zenyatta Transcendence
50%
Juno Orbital Ray
47%
Domina Panopticon
47%
Winston Primal Rage
47%
Hazard Downpour
44%
Sigma Gravitic Flux
44%
Zarya Graviton Surge
44%
Mizuki Kekkai Sanctuary
36%
Emre Override Protocol
36%
Symmetra Photon Barrier
31%
Wuyang Tidal Blast
28%
Anran Vermillion Revival
28%
Widowmaker Infra-Sight
25%
Venture Tectonic Shock
25%
Jetpack Cat Catnapper
19%
Vendetta Sundering Blade
19%
No matching quizzes found
Score Distribution
Percent of People with Each Score
Percentile by Number Answered
Your Score History
You have not taken this quiz since the last reset